Sustainability of rice in the global food system / (Record no. 11532)

000 -LEADER
fixed length control field 00652cam a2200205 a 4500
020 ## - INTERNATIONAL STANDARD BOOK NUMBER
ISBN 9712201074
040 ## - CATALOGING SOURCE
Transcribing agency DLC
082 00 - DEWEY DECIMAL CLASSIFICATION NUMBER
Classification number 633 PAC 1998 A037 Or.
245 00 - TITLE STATEMENT
Title Sustainability of rice in the global food system /
260 ## - PUBLICATION, DISTRIBUTION, ETC. (IMPRINT)
Place of publication Davis, Calif. :
Name of publisher Pacific Basin Study Center ;
Place of publication Los Banos, Philippines :
Name of publisher International Rice Research Institute,
Year of publication 1998.
300 ## - PHYSICAL DESCRIPTION
Number of Pages v, 404 p. :
Other physical details ill. ;
Dimensions 23 cm.
650 #0 - SUBJECT ADDED ENTRY--TOPICAL TERM
Topical Term Rice.
650 #0 - SUBJECT ADDED ENTRY--TOPICAL TERM
Topical Term Rice
700 1# - ADDED ENTRY--PERSONAL NAME
Personal name Dowling, Noreen G.
700 1# - ADDED ENTRY--PERSONAL NAME
Personal name Greenfield, S. M.
700 1# - ADDED ENTRY--PERSONAL NAME
Personal name Fischer, K. S.
710 2# - ADDED ENTRY--CORPORATE NAME
Corporate name or jurisdiction name as entry element University of California, Davis.
710 2# - ADDED ENTRY--CORPORATE NAME
Corporate name or jurisdiction name as entry element International Rice Research Institute.
942 ## - ADDED ENTRY ELEMENTS (KOHA)
Koha item type សៀវភៅភាសាអង់គ្លេស
952 ## - LOCATION AND ITEM INFORMATION (KOHA)
Withdrawn status [LOCAL, KOHA] 0
Holdings
Permanent Location Date acquired Koha item type Lost status Shelving location Barcode Current Location Full call number
Library Block A2017-08-03សៀវភៅភាសាអង់គ្លេស A037A12563Library Block A633 PAC 1998 A037 Or.
មជ្ឈមណ្ឌលឯការនៃសាកលវិទ្យាល័យភូមិន្ទកសិកម្មចំការដូង

Powered by Koha